01226nam a22002057a 4500008004100000020001800041050002000059100004000079240008300119245019600202260003800398300002700436500004000463505029800503650004000801650004900841650005100890700003300941700004600974150826t 1997mx f |||| 000 0 spa d a968-860-472-0 4aRJ507.S49 E93181 aEVERSTINE, Diana Sullivane, autor.10aSexual trauma in children and adolescents: dynamics and treatment.lEspañol.13aEl sexo que se callab: dinámica y tratamiento del abuso y traumas sexuales en niños y adolescentesc/ Diana Sullivan Everstine, Louis Everstine; traducción: Víctor Becerril Montekio. aMéxicob: Pax Méxicoc, 1997. axvi, 277 p. ; c21 cm. aIncluye bibliografía (p. 269-277)1 aEl problema del hostigamiento sexual; evaluación del trauma; tratamiento de la víctima infantil; tratamiento de la víctima adolescente; incesto; el niño víctima; adultos que fueron traumatizados en la infancia; el abuso sexual de menores y sus consecuencias legislativas en México.1 aABUSO SEXUALxNIÑOSxADOLESCENTES1 aABUSO SEXUALxSALUD MENTALxREHABILITACIÓN1 aABUSO SEXUALxLEYES Y LEGISLACIÓN zMÉXICO1 aEVERSTINE, Louise, cuautor.1 aBECERRIL Montekio, Víctore, traductor.